<?xml version="1.0" encoding="UTF-8"?>
<record
    xmlns:xsi="http://www.w3.org/2001/XMLSchema-instance"
    xsi:schemaLocation="http://www.loc.gov/MARC21/slim http://www.loc.gov/standards/marcxml/schema/MARC21slim.xsd"
    xmlns="http://www.loc.gov/MARC21/slim">

  <leader>00695nam a2200205Ia 4500</leader>
  <datafield tag="020" ind1=" " ind2=" ">
    <subfield code="a">1584855193 </subfield>
  </datafield>
  <datafield tag="020" ind1=" " ind2=" ">
    <subfield code="a">1584855959</subfield>
  </datafield>
  <datafield tag="040" ind1=" " ind2=" ">
    <subfield code="c">LPU</subfield>
  </datafield>
  <datafield tag="082" ind1=" " ind2=" ">
    <subfield code="a">971 PLE 2002 A111 Or.</subfield>
  </datafield>
  <datafield tag="100" ind1="1" ind2=" ">
    <subfield code="a">Yep, Laurence,</subfield>
  </datafield>
  <datafield tag="245" ind1="1" ind2="0">
    <subfield code="a">Spring Pearl :</subfield>
    <subfield code="b">the last flower /</subfield>
  </datafield>
  <datafield tag="260" ind1=" " ind2=" ">
    <subfield code="a">Middleton, Wis. :</subfield>
    <subfield code="b">Pleasant Co. Publications,</subfield>
    <subfield code="c">c2002.</subfield>
  </datafield>
  <datafield tag="300" ind1=" " ind2=" ">
    <subfield code="a">204 p. :</subfield>
    <subfield code="b">ill. (some col.) ;</subfield>
    <subfield code="c">19 cm.</subfield>
  </datafield>
  <datafield tag="500" ind1=" " ind2=" ">
    <subfield code="a">"American girl."</subfield>
  </datafield>
  <datafield tag="520" ind1=" " ind2=" ">
    <subfield code="a">Called boyish by her new family for being able to read and write, twelve-year-old orphaned Spring Pearl's "odd ways" help save the family during the 1857 Opim War in Canton, China.</subfield>
  </datafield>
  <datafield tag="650" ind1=" " ind2="0">
    <subfield code="a">Families</subfield>
  </datafield>
  <datafield tag="650" ind1=" " ind2="0">
    <subfield code="a">Orphans</subfield>
  </datafield>
  <datafield tag="650" ind1=" " ind2="0">
    <subfield code="a">Sex role</subfield>
  </datafield>
  <datafield tag="942" ind1=" " ind2=" ">
    <subfield code="c">EK</subfield>
  </datafield>
  <datafield tag="999" ind1=" " ind2=" ">
    <subfield code="c">17184</subfield>
    <subfield code="d">17184</subfield>
  </datafield>
  <datafield tag="952" ind1=" " ind2=" ">
    <subfield code="0">0</subfield>
    <subfield code="1">0</subfield>
    <subfield code="4">0</subfield>
    <subfield code="6">971_000000000000000_PLE_2002_A111_OR</subfield>
    <subfield code="7">0</subfield>
    <subfield code="9">74191</subfield>
    <subfield code="a">LBA</subfield>
    <subfield code="b">LBA</subfield>
    <subfield code="c">A111</subfield>
    <subfield code="d">2018-09-03</subfield>
    <subfield code="o">971 PLE 2002 A111 Or.</subfield>
    <subfield code="p">A17881</subfield>
    <subfield code="r">2018-09-03</subfield>
    <subfield code="w">2018-09-03</subfield>
    <subfield code="y">EK</subfield>
  </datafield>
  <datafield tag="952" ind1=" " ind2=" ">
    <subfield code="0">0</subfield>
    <subfield code="1">0</subfield>
    <subfield code="4">0</subfield>
    <subfield code="6">971_000000000000000_PLE_2002_A111_OR</subfield>
    <subfield code="7">0</subfield>
    <subfield code="9">74192</subfield>
    <subfield code="a">LBA</subfield>
    <subfield code="b">LBB</subfield>
    <subfield code="c">A111</subfield>
    <subfield code="d">2018-09-03</subfield>
    <subfield code="l">1</subfield>
    <subfield code="o">971 PLE 2002 A111 Or.</subfield>
    <subfield code="p">A15763</subfield>
    <subfield code="q">2020-03-24</subfield>
    <subfield code="r">2020-03-06</subfield>
    <subfield code="s">2020-03-06</subfield>
    <subfield code="y">EK</subfield>
  </datafield>
</record>
